000 01006nam a2200253Ia 4500
999 _c40510
_d40510
001 7121
003 GE_BSU
005 20230922172237.0
008 181216s2012||||ge |||||||||||||| ||geo||
020 _a9789941196430
040 _cGE_BSU
041 _ageo
080 _a821.353.1-1 გ-85
100 _aტაბიძე, ტიციან
_95546
245 _aპოეზია : ლექსები და პოემები :
_bტ.1 /
_cიოსებ გრიშაშვილი ; სარედ. ჯგუფი : ზურაბ აბაშიძე, მანანა ჯანელიძე, ირმა ხარშილაძე.
260 _a.
264 _aთბილისი :
_bპალიტრა L,
_c2012.
300 _a320 გვ. ;
_c20 სმ.
490 _aჩემი რჩეული
_vტ 40
_xISSN 2233-3037
541 _h8ლ.
653 _aპოეზია
653 _aლექსები და პოემები
942 _cBK
_2udc